00358nam a22001217a 4500082001000000100003000010245011400040260002800154300001100182526001900193650001300212700001100225 aP-138 aIslah Udin Azad Syn no. 4 aSoil Investigation Report And Design Foundation For Over Head Water TankcIslah Udin Azad, Sohail Qadar Butt. aRisalpur.bMCE.cc2000. a105 p. a0b0c0dP_138 aProject. aAbeer.